Southville International School and Colleges
Your cart is empty.
  • Cart
  • Lists
    Public lists Eva Luna New books Lux_list list_1
    Your lists Log in to create your own lists
  • Log in to your account
  • Your cookies
  • Search history
Southville International School and Colleges
  • Advanced search
  • Recent comments
  • Most popular
  • Libraries

Log in to your account

Log in with GOOGLE


If you do not have an external account, but do have a local account, you can still log in:

  1. Home
  2. MARC view: Universal soldier /
Normal view MARC view ISBD view

Universal soldier / (Record no. 11429)

[ view plain ]
MARC details
000 -LEADER
fixed length control field 02227cgm a22004337a 4500
001 - CONTROL NUMBER
control field 11609837
003 - CONTROL NUMBER IDENTIFIER
control field OSt
005 - DATE AND TIME OF LATEST TRANSACTION
control field 20140310182254.0
007 - PHYSICAL DESCRIPTION FIXED FIELD--GENERAL INFORMATION
fixed length control field mrucdaafu
008 - FIXED-LENGTH DATA ELEMENTS--GENERAL INFORMATION
fixed length control field 921027s1992 xxu098 mleng
010 ## - LIBRARY OF CONGRESS CONTROL NUMBER
LC control number 92519770
017 ## - COPYRIGHT OR LEGAL DEPOSIT NUMBER
Copyright or legal deposit number PA572-494
Assigning agency U.S. Copyright Office
040 ## - CATALOGING SOURCE
Original cataloging agency DLC
Transcribing agency DLC
Modifying agency DLC
Description conventions amim
Modifying agency DLC
043 ## - GEOGRAPHIC AREA CODE
Geographic area code a-vt---
-- n-us---
050 ## - LIBRARY OF CONGRESS CALL NUMBER
Classification number U 51
Item number .R847 1992
082 ## - DEWEY DECIMAL CLASSIFICATION NUMBER
Classification number FIC
Item number R74w 1992
100 ## - MAIN ENTRY--PERSONAL NAME
Personal name Rothstein, Richard
9 (RLIN) 20201
245 00 - TITLE STATEMENT
Title Universal soldier /
Statement of responsibility, etc Carolco, an IndieProd production in association with Centropolis Film Productions ; directed by Roland Emmerich ; produced by Allen Shapiro, Craig Baumgarten, Joel B. Michaels ; written by Richard Rothstein, Christopher Leitch and Dean Devlin.
257 ## - COUNTRY OF PRODUCING ENTITY FOR ARCHIVAL FILMS
Country of producing entity U.S.
260 ## - PUBLICATION, DISTRIBUTION, ETC. (IMPRINT)
Place of publication, distribution, etc United States :
Name of publisher, distributor, etc TriStar Pictures,
Date of publication, distribution, etc 1992.
300 ## - PHYSICAL DESCRIPTION
Extent 12 reels of 12 on 6 (ca. 8820 ft.) :
Other physical details sd., col., anamorphic ;
Dimensions 35 mm. ref print.
500 ## - GENERAL NOTE
General note Copyright: Carolco Pictures, Inc. Prev.: screenplay prev. reg. 1991, PAu1-542-232. NM: motion picture excluding screenplay. DCR 1992; PUB 10Jul92; REG 20Jul92; PA572-494.
500 ## - GENERAL NOTE
General note Baseline, 10/27/92 lists Universal Soldier Inc. and Adelson/Baumgarten Productions as production companies.
500 ## - GENERAL NOTE
General note Sources used: Variety, 7/13/92, p. 42; Hartford courant, 7/10/92; Baseline, 10/27/92.
508 ## - CREATION/PRODUCTION CREDITS NOTE
Creation/production credits note Executive producer, Mario Kassar ; music by Christopher Franke ; special make-up effects by Larry R. Hamlin and Michael Barnett ; edited by Michael J. Duthie ; director of photography, Karl Walter Lindenlaub.
511 1# - PARTICIPANT OR PERFORMER NOTE
Participant or performer note Jean-Claude Van Damme, Dolph Lundgren, Ally Walker, Ed O'Ross.
650 #0 - SUBJECT ADDED ENTRY--TOPICAL TERM
Topical term or geographic name as entry element Vietnam War, 1961-1975
Geographic subdivision United States
Form subdivision Drama.
9 (RLIN) 20202
655 #7 - INDEX TERM--GENRE/FORM
Genre/form data or focus term War films and programs.
Source of term mim
9 (RLIN) 20203
655 #7 - INDEX TERM--GENRE/FORM
Genre/form data or focus term Drama.
Source of term mim
9 (RLIN) 20204
655 #7 - INDEX TERM--GENRE/FORM
Genre/form data or focus term Features.
Source of term mim
9 (RLIN) 20205
700 1# - ADDED ENTRY--PERSONAL NAME
Personal name Emmerich, Roland,
Relator term direction.
9 (RLIN) 20206
700 1# - ADDED ENTRY--PERSONAL NAME
Personal name Rothstein, Richard,
Dates associated with a name 1943-
Relator term writing.
9 (RLIN) 20207
700 1# - ADDED ENTRY--PERSONAL NAME
Personal name Damme, Jean-Claude van,
Dates associated with a name 1960-
Relator term cast.
9 (RLIN) 20208
700 1# - ADDED ENTRY--PERSONAL NAME
Personal name Lundgren, Dolph,
Dates associated with a name 1959-
Relator term cast.
9 (RLIN) 20209
710 2# - ADDED ENTRY--CORPORATE NAME
Corporate name or jurisdiction name as entry element Copyright Collection (Library of Congress)
Institution to which field applies DLC
9 (RLIN) 3704
906 ## - LOCAL DATA ELEMENT F, LDF (RLIN)
a 7
b cbc
c orignew
d u
e ncip
f 19
g y-movingim
942 ## - ADDED ENTRY ELEMENTS (KOHA)
Source of classification or shelving scheme Library of Congress Classification
Koha item type
Holdings
Withdrawn status Lost status Source of classification or shelving scheme Damaged status Home library Current library Shelving location Date acquired Total Checkouts Full call number Barcode Date last seen Copy number Price effective from Koha item type
    Library of Congress Classification   Luxembourg Library Luxembourg Library Fiction Section 09/16/2013   U 51 .R847 1992 11616 09/16/2013 1 09/16/2013 Books

Universal soldier /

APA

Rothstein R., Emmerich R., Rothstein R., Damme J. v., Lundgren D. & Copyright Collection (Library of Congress). (1992). Universal soldier. United States: TriStar Pictures.

Chicago

Rothstein Richard, Emmerich Roland, Rothstein Richard, Damme Jean-Claude van, Lundgren Dolph and Copyright Collection (Library of Congress). 1992. Universal soldier. United States: TriStar Pictures.

Harvard

Rothstein R., Emmerich R., Rothstein R., Damme J. v., Lundgren D. and Copyright Collection (Library of Congress). (1992). Universal soldier. United States: TriStar Pictures.

MLA

Rothstein Richard, Emmerich Roland, Rothstein Richard, Damme Jean-Claude van, Lundgren Dolph and Copyright Collection (Library of Congress). Universal soldier. United States: TriStar Pictures. 1992.

  • Place hold
  • Print
  • Cite
  • Add to your cart (remove)
  • Save record
    BIBTEX Dublin Core MARCXML MARC (non-Unicode/MARC-8) MARC (Unicode/UTF-8) MARC (Unicode/UTF-8, Standard) MODS (XML) RIS
  • More searches
    Search for this title in:
    Other Libraries (WorldCat) Other Databases (Google Scholar) Online Stores (Bookfinder.com) Open Library (openlibrary.org)

Exporting to Dublin Core...

SOUTHVILLE LIBRARY

Southville International School and Colleges Library

1281 Tropical Ave. Cor. Luxembourg St., BF Homes International, Las Pinas City

Tel. No. 8256374 / 252358 Loc. 117/146

Powered by Koha